Categorical data analysis and multilevel modeling using R (Record no. 1237515)

MARC details
000 -LEADER
fixed length control field 00652nam a2200217Ia 4500
005 - DATE AND TIME OF LATEST TRANSACTION
control field 20250117103459.0
008 - FIXED-LENGTH DATA ELEMENTS--GENERAL INFORMATION
fixed length control field 008 250103s9999 xx 000 0 eng d
020 ## - INTERNATIONAL STANDARD BOOK NUMBER
International Standard Book Number 9781544324906
037 ## - SOURCE OF ACQUISITION
Stock number Textual
040 ## - CATALOGING SOURCE
Original cataloging agency CSL
Language of cataloging eng
Transcribing agency CSL
041 ## - LANGUAGE CODE
Language code of text/sound track or separate title eng
Source of code eng
084 ## - COLON CLASSIFICATION NUMBER
Classification number B28,92R R3
Assigning agency CSL
100 ## - MAIN ENTRY--PERSONAL NAME
Personal name Liu, Xing
9 (RLIN) 729288
245 #0 - TITLE STATEMENT
Title Categorical data analysis and multilevel modeling using R
Statement of responsibility, etc. Liu, Xing
260 ## - PUBLICATION, DISTRIBUTION, ETC.
Place of publication, distribution, etc. California
Name of publisher, distributor, etc. Sage Publication
Date of publication, distribution, etc. 2023
300 ## - PHYSICAL DESCRIPTION
Extent xxxiii, 708p. ill.
650 ## - SUBJECT ADDED ENTRY--TOPICAL TERM
Topical term or geographic name entry element Poisson regression models
9 (RLIN) 733325
650 ## - SUBJECT ADDED ENTRY--TOPICAL TERM
Topical term or geographic name entry element Statistics
942 ## - ADDED ENTRY ELEMENTS (KOHA)
Koha item type Textual
Classification part B28,92R R3
Holdings
Withdrawn status Lost status Damaged status Not for loan Home library Current library Date acquired Source of acquisition Inventory number Total Checkouts Full call number Barcode Date last seen Price effective from Koha item type
        Central Science Library Central Science Library 2025-01-17 Shivam Book Service 235, 22/02/2023   B28,92R R3 SL1655463 2025-01-17 2025-01-17 Textual
Copyright @ Delhi University Library System